000 00625nam a2200229Ia 4500
003 OSt
005 20220928141150.0
006 a|||||r|||| 00| 0
007 ta
008 220927b |||||||| |||| 00| 0 eng d
024 _a14020
037 _cTextual
040 _aSDCL
_cSDCL
_beng
041 _2eng
_aeng
082 _aV1:19'P, P2
100 _aHobden Stephen Ed.
_9499353
245 0 _aHistorical sociology of international relations
260 _c2002
700 _a Hobson John M Ed.
_9499354
942 _hV1:19'P, P2
_cTEXL
_2CC
999 _c816429
_d816429